000 00423cam a2200169ua 4500
020 _cRs 5.00
041 _amal
_h
082 _a894.812 308
_bVAS/CH
100 _aVasu, E .
245 _aChuvappu Nada /
_cE Vasu.
_hTextual Documents
260 _aKottayam :
_bSahitya Pravarthaka Co-operative Society ,
_c1983.
300 _a412 ; .
365 _aRs 5.00
504 _a
942 _cBK
999 _c4228
_d4228